书目信息 |
| 题名: |
The long goodbye
|
|
| 作者: | 钱德勒 著 | |
| 分册: | ||
| 出版信息: | 天津 天津人民出版社 2019.09 |
|
| 页数: | 346页 | |
| 开本: | 21cm | |
| 丛书名: | 神鸟新经典 | |
| 单 册: | ||
| 中图分类: | H319.4:I712.45 | |
| 科图分类: | ||
| 主题词: | 英语--ying yu--语言读物 , 长篇小说--chang pian xiao shuo--美国--现代 | |
| 电子资源: | ||
| ISBN: | 978-7-201-15035-2 | |
| 000 | 01147nam 2200289 450 | |
| 001 | 0100015921 | |
| 005 | 20201009150356.0 | |
| 010 | @a978-7-201-15035-2@dCNY29.80 | |
| 100 | @a20191117d2019 em y0chiy50 ba | |
| 101 | 0 | @aeng |
| 102 | @aCN@b120000 | |
| 105 | @ay z 000ay | |
| 106 | @ar | |
| 200 | 1 | @aThe long goodbye@fRaymond Chandler@d= 漫长的告别@f(美) 雷蒙·钱德勒著@zchi |
| 205 | @a英文版 | |
| 210 | @a天津@c天津人民出版社@d2019.09 | |
| 215 | @a346页@d21cm | |
| 225 | 2 | @a神鸟新经典@Ashen niao xin jing dian |
| 330 | @a本书讲述: 一个优雅有礼的酒鬼伦诺克斯和贫穷高贵的私家侦探马洛相遇, 两人之间发展了一种诚挚而悲伤的友谊。伦诺克斯酒醉后被马洛送回, 他稍后寄来一张五千美元的巨额支票作为感谢和告别, 然而一连串的杀人事件使得这场告别连绵不绝, 这段友谊到底何去何从, 两个人都面临着艰难的选择。 | |
| 410 | 0 | @12001 @a神鸟新经典 |
| 510 | 1 | @a漫长的告别@zchi |
| 606 | 0 | @a英语@Aying yu@j语言读物 |
| 606 | 0 | @a长篇小说@Achang pian xiao shuo@y美国@z现代 |
| 690 | @aH319.4:I712.45@v5 | |
| 701 | 1 | @a钱德勒@Aqian de le@g(Chandler, Raymond),@f1888-1959@4著 |
| 801 | 0 | @aCN@c20201009 |
| 905 | @a河南城建学院图书馆@dH319.4:I@eQ193@f3 | |
| The long goodbye/Raymond Chandler= 漫长的告别/(美) 雷蒙·钱德勒著.-英文版.-天津:天津人民出版社,2019.09 |
| 346页;21cm.-(神鸟新经典) |
| ISBN 978-7-201-15035-2:CNY29.80 |
| 本书讲述: 一个优雅有礼的酒鬼伦诺克斯和贫穷高贵的私家侦探马洛相遇, 两人之间发展了一种诚挚而悲伤的友谊。伦诺克斯酒醉后被马洛送回, 他稍后寄来一张五千美元的巨额支票作为感谢和告别, 然而一连串的杀人事件使得这场告别连绵不绝, 这段友谊到底何去何从, 两个人都面临着艰难的选择。 |
| ● |
| 相关链接 |
|
|
|
正题名:The long goodbye
索取号:H319.4:I/Q193
 
预约/预借
| 序号 | 登录号 | 条形码 | 馆藏地/架位号 | 状态 | 备注 |
| 1 | 1495265 | 214952657 | 语言库209/209语言库 54排7列6层/ [索取号:H319.4:I/Q193] | 在馆 | |
| 2 | 1495266 | 214952666 | 语言库209/209语言库 54排7列6层/ [索取号:H319.4:I/Q193] | 在馆 | |
| 3 | 1495267 | 214952675 | 语言库209/209语言库 54排7列6层/ [索取号:H319.4:I/Q193] | 在馆 |